| Tag |
First Indicator |
Second Indicator |
Subfields |
| LEADER |
00000cam a22000001 4500 |
| 001 |
in00000060677 |
| 005 |
20151008050537.0 |
| 008 |
730410s1965 njua b 00010 eng |
| 010 |
|
|
|a 65013177
|
| 035 |
|
|
|a (OCoLC)00243079
|
| 035 |
|
|
|9 AAG1702AM
|
| 040 |
|
|
|a DLC
|c DLC
|d TXA
|d UtOrBLW
|
| 049 |
|
|
|a TXAM
|c [416487]
|
| 050 |
0 |
0 |
|a HF5415.2
|b .C6
|
| 082 |
0 |
|
|a 338/.04
|
| 092 |
|
|
|a 338.018
|b C678t
|
| 100 |
1 |
|
|a Cohen, Kalman J.
|
| 245 |
1 |
0 |
|a Theory of the firm: resource allocation in a market economy /
|c [by] Kalman J. Cohen [and] Richard M. Cyert.
|
| 264 |
|
1 |
|a Englewood Cliffs, N.J. :
|b Prentice-Hall,
|c [1965]
|
| 300 |
|
|
|a xx, 406 pages :
|b illustrations ;
|c 24 cm.
|
| 336 |
|
|
|a text
|b txt
|2 rdacontent
|
| 337 |
|
|
|a unmediated
|b n
|2 rdamedia
|
| 338 |
|
|
|a volume
|b nc
|2 rdacarrier
|
| 490 |
1 |
|
|a Prentice-Hall international series in management
|
| 504 |
|
|
|a Includes bibliographies.
|
| 650 |
|
0 |
|a Marketing research.
|
| 650 |
|
0 |
|a Competition.
|
| 650 |
|
0 |
|a Marketing
|x Mathematical models.
|
| 700 |
1 |
|
|a Cyert, Richard Michael,
|d 1921-1998.
|
| 830 |
|
0 |
|a Prentice-Hall international series in management.
|
| 999 |
|
|
|a MARS
|
| 999 |
f |
f |
|s 6cdfca1f-65f4-37b3-a504-264736217450
|i a825105f-a5ef-33ac-9faf-a9834c11b681
|t 0
|
| 952 |
f |
f |
|p ric
|a Texas A&M University
|b Rellis Campus
|c Joint Library Facility
|d Remote Storage
|t 0
|e HF5415.2 .C6
|h Library of Congress classification
|i unmediated -- volume
|m A14800755555
|
| 998 |
f |
f |
|a HF5415.2 .C6
|t 0
|l Remote Storage
|